00472nam a2200193 a 4500001001300000003000900013005001700022008004100039020001000080082001600090100002500106245001400131260003400145300000900179500003500188505001300223650001700236700002500253nice12345678IN_TiNIC20260116011840.0050524s1897 hyda grp 000 0 urd  ac10000a297.4bMAH2 aMahajir, Abdul Azeez aAl-Insaan aHyderabadbShamsi Pressc1897 a218p aincludes index and biblioraphy2 aarchives aSufism-Tract1 aMahajir, Abdul Azeez